Trends in international migration annual report
Guardado en:
| Formato: | Libro |
|---|---|
| Lenguaje: | inglés |
| Publicado: |
Paris
OECD
2005
|
| Materias: | |
| Etiquetas: |
Sin Etiquetas, Sea el primero en etiquetar este registro!
|
MARC
| LEADER | 00000nam a2200000 4500 | ||
|---|---|---|---|
| 001 | 0037947 | ||
| 005 | 20240315121355.7 | ||
| 020 | |a 92-64-00792-X | ||
| 041 | 0 | |a eng | |
| 044 | |a FR | ||
| 245 | 1 | 0 | |a Trends in international migration |b annual report |
| 264 | 1 | |a Paris |b OECD |c 2005 | |
| 300 | |a 388 s. | ||
| 610 | 2 | 0 | |a migrácia |
| 610 | 2 | 0 | |a pohyb obyvateľstva |
| 610 | 2 | 0 | |a pohyb síl pracovných |
| 610 | 2 | 0 | |a populácia |
| 610 | 2 | 0 | |a trh práce |
| 610 | 2 | 0 | |a imigrácia |
| 610 | 2 | 0 | |a spolupráca medzinárodná |
| 610 | 2 | 0 | |a porovnanie medzinárodné |
| 610 | 2 | 0 | |a svet |